Statystyki dla Wszystkie okresy Czech na mapie

Kliknij tutaj aby rozwiązać quiz!

Ogólne statystyki

  • Ten quiz został rozwiązany 61 razy
  • Średni wynik to 20 z 77

Odpowiedzi na mapie

Odpowiedzi skodowane kolorowo w zielono-czerwonej skali na mapie do tego quizu, zgodnie z poniższymi procentami.
 

Statystyki odpowiedzi

KrajOkres% Poprawnych
Hlavní městoPraga
98%
PołudniowomorawskiBrno
74%
PołudniowomorawskiBrno
74%
Morawsko-śląskiOstrawa
66%
OłomunieckiOłomuniec
62%
PilzneńskiPilzno
62%
LibereckiLiberec
60%
HradeckiHradec Králové
51%
ZlińskiZlín
43%
Morawsko-śląskiFrýdek-Místek
40%
Morawsko-śląskiOpawa
40%
PołudniowoczeskiCzeskie Budziejowice
38%
KarlowarskiKarlowe Wary
38%
PardubickiPardubice
38%
KarlowarskiCheb
36%
Morawsko-śląskiKarwina
36%
UsteckiUście nad Łabą
32%
UsteckiCieplice
28%
UsteckiMost
28%
LibereckiČeská Lípa
26%
WysoczynaIgława
26%
OłomunieckiJesionik
26%
ŚrodkowoczeskiMladá Boleslav
26%
PołudniowoczeskiTábor
26%
PołudniowomorawskiBrzecław
21%
UsteckiDěčín
21%
PołudniowomorawskiHodonín
21%
LibereckiJablonec nad Nysą
21%
OłomunieckiProściejów
21%
OłomunieckiPrzerów
21%
LibereckiSemily
21%
KarlowarskiSokolov
21%
PołudniowomorawskiZnojmo
21%
PołudniowomorawskiBlansko
19%
ŚrodkowoczeskiKutná Hora
19%
HradeckiNáchod
19%
OłomunieckiŠumperk
19%
HradeckiTrutnov
19%
ZlińskiUherské Hradiště
19%
PołudniowomorawskiVyškov
19%
ŚrodkowoczeskiBenešov
17%
Morawsko-śląskiBruntál
17%
UsteckiChomutov
17%
PardubickiChrudim
17%
PilzneńskiDomažlice
17%
HradeckiJiczyn
17%
ŚrodkowoczeskiKladno
17%
PilzneńskiKlatovy
17%
ZlińskiKromieryż
17%
UsteckiLitomierzyce
17%
ŚrodkowoczeskiMielnik
17%
Morawsko-śląskiNowy Jiczyn
17%
PołudniowoczeskiPísek
17%
ŚrodkowoczeskiPraga-Wschód
17%
ŚrodkowoczeskiPraga-Zachód
17%
PardubickiSvitavy
17%
WysoczynaTřebíč
17%
PardubickiUście nad Orlicą
17%
ZlińskiVsetín
17%
PołudniowoczeskiČeský Krumlov
15%
WysoczynaHavlíčkův Brod
15%
PołudniowoczeskiJindřichův Hradec
15%
ŚrodkowoczeskiKolín
15%
UsteckiLouny
15%
WysoczynaPelhřimov
15%
PilzneńskiPilzno-Północ
15%
PilzneńskiPilzno-Południe
15%
ŚrodkowoczeskiPříbram
15%
ŚrodkowoczeskiRakovník
15%
HradeckiRychnov nad Kněžnou
15%
PołudniowoczeskiStrakonice
15%
ŚrodkowoczeskiBeroun
13%
ŚrodkowoczeskiNymburk
13%
PołudniowoczeskiPrachatice
13%
PilzneńskiRokycany
13%
PilzneńskiTachov
13%
WysoczynaZdziar nad Sazawą
13%

Rozkład punktacji

Percentyl według liczby udzielonych odpowiedzi

Procent ludzi z każdym wynikiem

Twoja historia wyników

Nie rozwiązałeś tego quizu